Un héros de notre temps

Đã lưu trong:
Bibliografiske detaljer
Hovedforfatter: Mikhail Lermontov
Format: Bog
Sprog:Undetermined
Udgivet: Paris Diderot 1959
Fag:
Tags: Tilføj Tag
Ingen Tags, Vær først til at tagge denne postø!
Thư viện lưu trữ: Trung tâm Học liệu Trường Đại học Cần Thơ
LEADER 00468nam a2200181Ia 4500
001 CTU_16045
008 210402s9999 xx 000 0 und d
082 |a 891.7 
082 |b L616 
100 |a Mikhail Lermontov 
245 0 |a Un héros de notre temps 
245 0 |c Mikhail Lermontov 
260 |a Paris 
260 |b Diderot 
260 |c 1959 
650 |a russian literature 
904 |i Minh, 970429 
980 |a Trung tâm Học liệu Trường Đại học Cần Thơ